Logos des équipes nationales de football de la CONMEBOL - Statistiques

Statistiques générales
  • Ce quiz a été pris 660 fois
  • Le résultat moyen est 9 sur 10
Statistiques - réponses
Par images Réponse % Correct
Argentine
100%
Brésil
98%
Pérou
97%
Colombie
95%
Uruguay
95%
Équateur
82%
Bolivie
79%
Chili
79%
Vénézuela
77%
Paraguay
65%
Aucun quiz correspondant
Distribution des résultats
% des personnes avec chaque résultat
Percentile par nombre de réponses
Votre historique - résultats
Vous n’avez pas pris ce quiz